Normal view
MARC view
- Apiado, Camille Joyce
Entry Personal Name
001 - CONTROL NUMBER
- control field: 4746
003 - CONTROL NUMBER IDENTIFIER
- control field: URS
005 - DATE AND TIME OF LATEST TRANSACTION
- control field: 20230620113026.0
008 - FIXED-LENGTH DATA ELEMENTS
- fixed length control field: 230620|| aca||aabn | a|a d
040 ## - CATALOGING SOURCE
- Original cataloging agency: URS
100 ## - HEADING--PERSONAL NAME
- Personal name: Apiado, Camille Joyce
- Relator term: author